000 00421nam a2200169Ia 4500
008 241115s9999 xx 000 0 und d
020 _a0-07-112920-0
082 _a621.3192 BOG
100 _aBogart, Theodore F.
245 0 _aElectric Circuits
250 _a2nd ed.
260 _aMcGraw Hill:
_c1992,
300 _axix,933p.
600 _aElectrical Engineering
650 _aElectrical Engineering
942 _cBBD
999 _c25751
_d25751